Les principaux transferts du premier mois de mercato. - Statistiques

Statistiques générales
  • Ce quiz a été pris 115 fois
  • Le résultat moyen est 13 sur 24
Statistiques - réponses
Clubs Joueurs Prix
en euros
% Correct
Real Madrid Jude Bellingham 103M
98%
Arsenal Kai Havertz 70M
84%
Barcelone Ilkay Gundogan 0
79%
PSG Manuel Ugarte 60M
79%
PSG Milan Skriniar 0
77%
Chelsea Christopher Nkunku 60M
72%
PSG Lucas Hernandez 45M
71%
Newcastle Sandro Tonali 64M
69%
PSG Marco Asensio 0
66%
Man United Mason Mount 64,2M
66%
Liverpool Alexis Mac Allister 42M
65%
Real Madrid Arda Guler 20M
57%
Marseille Geoffrey Kondogbia 8M
54%
PSG Kang-In Lee 22M
54%
Rennes Ludovic Blas 15M
53%
Liverpool Dominik Szoboszlai 70M
49%
Man City Mateo Kovacic 29,1M
46%
Tottenham James Maddison 46,3M
37%
Inter Marcus Thuram 0
36%
Aston Villa Pau Torres 33M
34%
Juventus Timothy Weah 11,3M
32%
Chelsea Nicolas Jackson 37M
29%
Bayern Raphael Guerreiro 0
21%
Leverkusen Granit Xhaka 25M
19%
Aucun quiz correspondant
Distribution des résultats
% des personnes avec chaque résultat
Percentile par nombre de réponses
Votre historique - résultats
Vous n’avez pas pris ce quiz